| 000 | 00485nam a2200169 i 4500 | ||
|---|---|---|---|
| 001 | 33936 | ||
| 003 | ES-MaACL | ||
| 005 | 20250822063115.0 | ||
| 007 | t| | ||
| 008 | 030203s1973 sp ||||1| spa d | ||
| 100 | 1 |
_aBlasco, Josep Lluís, _d1940-2003 _929370 |
|
| 245 | 1 | 0 |
_aLenguaje, filosofía y conocimiento / _cJosep Ll. Blasco. |
| 260 |
_aBarcelona : _bAriel, _c[1973] |
||
| 300 |
_a217 p. ; _c22 cm. |
||
| 852 |
_aES-MaACL _jC-54686 _bR.87094 |
||
| 999 |
_c33936 _d33936 |
||